Recuerdos [ (Record no. 5100)

MARC details
000 -LEADER
campo de control de longitud fija 00872npm a2200229 i 4500
001 - NÚMERO DE CONTROL
campo de control 5100
003 - IDENTIFICADOR DE NÚMERO DE CONTROL
campo de control ES-MaACL
005 - FECHA Y HORA DE LA ÚLTIMA TRANSACCIÓN
campo de control 20230909105901.0
007 - CAMPO FIJO DE DESCRIPCIÓN FÍSICA--INFORMACIÓN GENERAL
campo de control de longitud fija hzrazu bucu
008 - DATOS DE LONGITUD FIJA--INFORMACIÓN GENERAL
campo de control de longitud fija 891019r19891917sp b 00010 spa d
080 ## - NÚMERO DE LA CLASIFICACIÓN DECIMAL UNIVERSAL
Número de la Clasificación Decimal Universal 929 Echegaray, José
100 1# - ENTRADA PRINCIPAL--NOMBRE DE PERSONA
Nombre de persona Echegaray, José,
Fechas asociadas al nombre 1832-1916
9 (RLIN) 46526
245 10 - MENCIÓN DEL TÍTULO
Título Recuerdos [
Medio Microforma] /
Mención de responsabilidad, etc. Jose Echegaray.
260 ## - PUBLICACIÓN, DISTRIBUCIÓN, ETC.
Lugar de publicación, distribución, etc. Madrid :
Nombre del editor, distribuidor, etc. Ateneo Científico, Literario y Artístico,
Fecha de publicación, distribución, etc. 1989.
300 ## - DESCRIPCIÓN FÍSICA
Extensión 4 microfichas :
Otras características físicas negativo.
505 8# - NOTA DE CONTENIDO CON FORMATO
Nota de contenido con formato Contiene: Microficha n. 1: T. I., p. 1-245 - Microficha n. 2: T. I., p. 246-414 - Microficha n. 3: T. II., p. 1-410 - Microficha n. 4: T III., p. 1-409
534 ## - NOTA SOBRE LA VERSIÓN ORIGINAL
Frase introductoria Publ. originalmente en:
Publicación, distribución, etc. del original Madrid: Ruiz Hermanos, 1917 (3 v.)
600 14 - PUNTO DE ACCESO ADICIONAL DE MATERIA--NOMBRE DE PERSONA
Nombre de persona Echegaray, José,
Fechas asociadas al nombre 1832-1916
9 (RLIN) 46526
852 ## - LOCALIZACIÓN
Ubicación ES-MaACL
Número de control de estantería MCF-10
itemnumber 5217
942 ## - ELEMENTOS DE ENTRADA SECUNDARIOS (KOHA)
Fuente del sistema de clasificación o colocación Clasificación decimal universal
Tipo de ítem Koha Microforma
Holdings
Estatus retirado Estado de pérdida Estado de daño No para préstamo Biblioteca de origen Biblioteca actual Ubicación en estantería Fecha de adquisición Fuente de adquisición Total de préstamos Signatura topográfica completa Código de barras Visto por última vez Precio de reemplazo Tipo de ítem Koha
        Biblioteca del Ateneo de Madrid Biblioteca del Ateneo de Madrid Depósito 1 17/01/2008     MCF-10 1005163 23/02/2023 23/02/2023 Microforma